Countries with At Least 3 of the Same Letter - Statistics

General Stats
  • This quiz has been taken 35 times
  • The average score is 37 of 65
Answer Stats
Letter # Country % Correct
A 3 Australia
77%
A 3 Canada
77%
C 4 Democratic Republic of the Congo
77%
E 3 Democratic Republic of the Congo
77%
O 4 Democratic Republic of the Congo
77%
I 3 Philippines
77%
P 3 Philippines
77%
A 3 United Arab Emirates
73%
E 3 United Arab Emirates
73%
T 3 United States
73%
A 3 Afghanistan
69%
A 3 Albania
69%
A 3 Central African Republic
69%
C 3 Central African Republic
69%
R 3 Central African Republic
69%
A 4 Madagascar
69%
O 3 Morocco
69%
O 3 Republic of the Congo
69%
A 3 Trinidad and Tobago
69%
D 3 Trinidad and Tobago
69%
A 3 Bosnia and Herzegovina
65%
I 3 Saint Kitts and Nevis
65%
S 3 Saint Kitts and Nevis
65%
T 3 Saint Kitts and Nevis
65%
A 5 Antigua and Barbuda
62%
I 3 Dominican Republic
62%
A 3 Kazakhstan
62%
U 3 Uruguay
62%
A 3 Azerbaijan
58%
A 3 Marshall Islands
58%
L 3 Marshall Islands
58%
S 3 Marshall Islands
58%
O 3 Solomon Islands
58%
S 3 Solomon Islands
58%
E 3 Greece
54%
A 3 Malaysia
54%
A 3 Panama
54%
A 3 Papua New Guinea
54%
A 3 Saint Vincent and the Grenadines
54%
E 4 Saint Vincent and the Grenadines
54%
I 3 Saint Vincent and the Grenadines
54%
N 6 Saint Vincent and the Grenadines
54%
T 3 Saint Vincent and the Grenadines
54%
A 4 Saudi Arabia
54%
O 3 Comoros
50%
A 3 Federated States of Micronesia
50%
E 5 Federated States of Micronesia
50%
S 3 Federated States of Micronesia
50%
T 3 Federated States of Micronesia
50%
A 3 Guatemala
50%
O 3 Kosovo
50%
A 3 Bahamas
46%
A 3 Mauritania
46%
E 3 Venezuela
42%
A 3 Equatorial Guinea
38%
A 3 Nicaragua
38%
A 3 Paraguay
38%
A 3 Tanzania
38%
I 3 Kiribati
35%
A 3 Jamaica
31%
E 3 Sierra Leone
31%
E 3 Liechtenstein
27%
E 3 Seychelles
27%
C 3 Czech Republic
19%
E 3 Cape Verde
12%
No matching quizzes found
Score Distribution
Percent of People with Each Score
Percentile by Number Answered
Your Score History
You have not taken this quiz